| 000 | 01186naa a22003377a 4500 | ||
|---|---|---|---|
| 001 | BR9400571 | ||
| 003 | BR-BrBNA | ||
| 005 | 20240918180855.0 | ||
| 007 | ta | ||
| 008 | 230509b bl.||||| |||| 00| 0 por d | ||
| 040 |
_aBR-BrBNA _bpor _cBiblioteca Nacional de Agricultura |
||
| 041 | _a(Pt) | ||
| 072 |
_aP34 _b3920 _b0336 _b3830 |
||
| 090 | _aP34 BR9400571 | ||
| 100 | 1 | _aStrauch, G.F.E. | |
| 100 | 1 | _aDidonet, A.D. | |
| 100 | 1 | _aBrandao, P.G.S. | |
| 100 | 1 | _aDuque, F.F. | |
| 111 | 1 |
_a6. Simposio sobre o Cerrado _cBrasilia, DF (Brazil) _d4-8 Oct 1982 |
|
| 245 | 1 | _aAvaliacao da simbiose Rhizobium japonicum e soja Glycine max (L.)Merril)em latossolos deficientes em fosforo | |
| 260 | 3 |
_aPlanaltina, DF (Brasil): _c1988. |
|
| 500 | _a6. Simposio sobre o Cerrado - Savanas: alimento e energia Planaltina, DF (Brasil): 1988. p. 341-352 (BR9400571-AM)P34 | ||
| 650 | _aRhizobium | ||
| 650 | _aSoja | ||
| 650 | _aFosforo | ||
| 650 | _aSimbiose | ||
| 650 | _aNodulacao | ||
| 773 | 0 |
_t6. Simposio sobre o Cerrado - Savanas: alimento e energia _wP34 BR9400571 _gPlanaltina, DF (Brasil), 1988. p. 341-352 |
|
| 909 |
_a202404 _bLucia _c55 _dLucia Elande |
||
| 942 |
_cAM _2AGRIS |
||
| 999 |
_c322427 _d322427 |
||